Borussia Dortmund Current Squad (24/25) - Statistics

General Stats
  • This quiz has been taken 18 times
    16 since last reset
  • The average score is 19 of 29
Answer Stats
Answer % Correct
Gregor Kobel
100%
Julian Brandt
91%
Nico Schlotterbeck
91%
Emre Can
82%
Jamie Gittens
82%
Julian Ryerson
82%
Karim Adeyemi
82%
Niklas Süle
82%
Ramy Bensebaini
82%
Serhou Guirassy
82%
Alexander Meyer
73%
Daniel Svensson
73%
Felix Nmecha
73%
Giiovanni Reyna
73%
Marcel Sabitzer
73%
Salih Özcan
73%
Waldemar Anton
73%
Yan Couto
73%
Julien Duranville
64%
Maximilian Beier
64%
Niko Kovac
64%
Carney Chukwuemeka
55%
Marcel Lotka
55%
Cole Campbell
45%
Pascal Groß
45%
Almugera Kabar
36%
Filippo Mané
36%
Silas Ostrzinski
18%
Kjell Wätjen
9%
No matching quizzes found
Score Distribution
Percent of People with Each Score
Percentile by Number Answered
Your Score History
You have not taken this quiz since the last reset